00479nam a2200157Ia 4500008004100000020001800041082001400059100001400073245009300087250000800180260004100188300003100229500001900260600002700279650001500306240925s9999 xx 000 0 und d a9780070668805 a629.8 GOP aGopal , M 0aDigital Control and State Variable Methods: conventional and intelligent control systems a3rd aNew Delhi:bTata McGraw Hillc,2009. axxxiv,606p.bN.AfOriginal aIncludes Index aElectronic Engineering aTechnology